Hitler: a la nueva luz de la clásica y moderna psicología (Registro nro. 2484)

Detalles MARC
000 -Cabecera
Campo de control de longitud fija 00753aam a2200289 4500
005 - Fecha y hora de la última transacción
Campo de control 20260324155208.0
008 - Elementos de longitud fija--Información general
Campo de control de longitud fija 150601b2005 xxu||||| |||| 00| 0 spa d
020 ## - International Standard Book Number
Número Internacional Estándar del Libro (ISBN) 9586484181
041 ## - Idioma
Código de idioma Español
082 ## - Clasificación Decimal Dewey
Número de clasificación 364.3 T693h
100 ## - Entrada principal--Autor personal
Nombre personal Torres, Mauro
9 (RLIN) 22041
245 ## - Título propiamente dicho
Título Hitler: a la nueva luz de la clásica y moderna psicología
260 ## - Pie de imprenta
Lugar de publicación, distribución, etc. Colombia
260 ## - Pie de imprenta
Nombre del editor, distribuidor, etc. ECOE
260 ## - Pie de imprenta
Fecha de publicación, distribución, etc. 2005
300 ## - Descripción física
Extensión 408 páginas
490 ## - Serie
Título de la Serie Investigación Criminal
650 ## - Materia general
Temática (materia general) PSICOLGÍA CRIMINAL
650 ## - Materia general
Temática (materia general) HITLER, ADOL, 1889-1945
650 ## - Materia general
Temática (materia general) HISTORIA
650 ## - Materia general
Temática (materia general) GENEOLOGÍA COMPULSIVA
650 ## - Materia general
Temática (materia general) MANIACO DEPRESIVO
650 ## - Materia general
Temática (materia general) EXTRAÑO ANTISEMITISMO
650 ## - Materia general
Temática (materia general) PERSEGUIDOR
650 ## - Materia general
Temática (materia general) BARBARISMO
942 ## - Punto de acceso adicional KOHA
Tipo de ítem KOHA Literatura
Fuente del sistema de clasificación o colocación Dewey Decimal Classification
Existencias
Signatura completa Código de barras Programa Académico Tipo de ítem
364.3 T693h 15325 Investigación Criminal Literatura